[Event "Barcelona La Lira op 12th"]
[Site "Barcelona"]
[Date "2019.05.23"]
[Round "7"]
[White "Sanchez Valencia, Alberto"]
[Black "Martin Sanchez, Enric"]
[Result "1/2-1/2"]
[WhiteElo "1654"]
[BlackElo "1978"]
[PlyCount "95"]
[EventDate "2019.04.04"]
[EventType "swiss"]
[EventRounds "9"]
[EventCountry "ESP"]
[SourceTitle "CBM 190 Extra"]
[Source "ChessBase"]
[SourceDate "2019.07.15"]
[SourceVersion "1"]
[SourceVersionDate "2019.07.15"]
[SourceQuality "1"]

1. e4 c5 2. Nf3 d6 3. d4 cxd4 4. Nxd4 Nf6 5. Nc3 e6 6. Be3 Nc6 7. f4 d5 8. Bb5 Qc7 9. e5 Ne4 10. Nxe4 dxe4 11. Qg4 Bd7 12. Bxc6 Bxc6 13. 0-0 0-0-0 14. a4 h5 15. Qe2 Bc5 16. c3 Bxd4 17. cxd4 Kb8 18. b4 b6 19. Rfc1 Qb7 20. b5 Bd5 21. a5 Rc8 22. Rcb1 Rc4 23. axb6 axb6 24. Qf2 g6 25. Rb2 Rhc8 26. Rba2 Qc7 27. h3 Rc2 28. Rxc2 Qxc2 29. Bd2 Qb2 30. Ra6 Rc2 31. Qh4 Qxd4+ 32. Kh2 Bb7 33. Bb4 Bxa6 34. Bd6+ Ka7 35. Qd8 Rxg2+ 36. Kxg2 Qd2+ 37. Kg1 Qe1+ 38. Kg2 Qd2+ 39. Kg1 Qc1+ 40. Kg2 Qc8 41. Qe7+ Bb7 42. Bc7 Bd5 43. Bd8+ Bb7 44. Bc7 e3+ 45. Kf1 Bf3 46. Bd8+ Ka8 47. Qa3+ Kb8 48. Qd6+ 1/2-1/2

[Event "Barcelona La Lira op 37th"]
[Site "Barcelona"]
[Date "2019.02.22"]
[Round "6"]
[White "Martin Sanchez, Enric"]
[Black "Ramos Alvarez, Maximo"]
[Result "1-0"]
[WhiteElo "1988"]
[BlackElo "1838"]
[PlyCount "47"]
[EventDate "2019.01.18"]
[EventType "swiss"]
[EventRounds "8"]
[EventCountry "ESP"]
[SourceTitle "CBM 189 Extra"]
[Source "ChessBase"]
[SourceDate "2019.05.31"]
[SourceVersion "1"]
[SourceVersionDate "2019.05.31"]
[SourceQuality "1"]

1. e4 c5 2. Nf3 Nc6 3. Bb5 e6 4. c3 Nge7 5. d4 Qb6 6. Na3 Ng6 7. d5 Nce5 8. Nxe5 Nxe5 9. f4 Ng6 10. f5 exf5 11. exf5 Ne5 12. Qe2 Bd6 13. Nc4 Qc7 14. Nxe5 Bxe5 15. Bf4 f6 16. 0-0 0-0 17. Qg4 Qb6 18. Bxe5 fxe5 19. f6 Rxf6 20. Rxf6 Qxf6 21. d6 b6 22. Bc4+ Kh8 23. Rf1 Qxd6 24. Qf3 1-0

[Event "Barcelona La Lira op 37th"]
[Site "Barcelona"]
[Date "2019.01.25"]
[Round "2"]
[White "Romero Funieles, Rafael de Jesus"]
[Black "Martin Sanchez, Enric"]
[Result "0-1"]
[WhiteElo "1588"]
[BlackElo "1988"]
[PlyCount "30"]
[EventDate "2019.01.18"]
[EventType "swiss"]
[EventRounds "8"]
[EventCountry "ESP"]
[SourceTitle "CBM 189 Extra"]
[Source "ChessBase"]
[SourceDate "2019.05.31"]
[SourceVersion "1"]
[SourceVersionDate "2019.05.31"]
[SourceQuality "1"]

1. e4 d5 2. exd5 Nf6 3. c4 c6 4. dxc6 Nxc6 5. Be2 e5 6. Nc3 Bc5 7. h3 Qd4 8. Qa4 Qxf2+ 9. Kd1 Qxg2 10. Bf3 Qf1+ 11. Kc2 Bf5+ 12. Kb3 0-0 13. Bxc6 bxc6 14. Qxc6 Rab8+ 15. Ka4 Bc2+ 0-1

[Event "Barcelona La Lira op 37th"]
[Site "Barcelona"]
[Date "2019.01.18"]
[Round "1"]
[White "Martin Sanchez, Enric"]
[Black "Grammatico, Mauro"]
[Result "1/2-1/2"]
[WhiteElo "1988"]
[BlackElo "1636"]
[PlyCount "66"]
[EventDate "2019.01.18"]
[EventType "swiss"]
[EventRounds "8"]
[EventCountry "ESP"]
[SourceTitle "CBM 189 Extra"]
[Source "ChessBase"]
[SourceDate "2019.05.31"]
[SourceVersion "1"]
[SourceVersionDate "2019.05.31"]
[SourceQuality "1"]

1. e4 c6 2. Nf3 d5 3. Nc3 Bg4 4. exd5 cxd5 5. h3 Bxf3 6. Qxf3 e6 7. Bb5+ Nc6 8. 0-0 Nf6 9. b3 Bd6 10. Re1 0-0 11. Bxc6 bxc6 12. Bb2 Rb8 13. Ne2 c5 14. Ng3 a5 15. Be5 Bxe5 16. Rxe5 Qd6 17. Rae1 Ne4 18. Rh5 Nxg3 19. fxg3 c4 20. Rh4 cxb3 21. cxb3 Rb4 22. d4 a4 23. Qh5 h6 24. Qg4 Kh7 25. Qf3 axb3 26. axb3 Qb6 27. Qd3+ Kh8 28. Qd2 Rxb3 29. Rxh6+ gxh6 30. Qxh6+ Kg8 31. Qg5+ Kh8 32. Qh5+ Kg7 33. Qg5+ Kh7 1/2-1/2

[Event "Barcelona Primavera La Lira op 9th"]
[Site "Barcelona"]
[Date "2016.06.02"]
[Round "9"]
[White "Martin Sanchez, Enric"]
[Black "Tortosa Moros, Joan"]
[Result "1/2-1/2"]
[WhiteElo "2015"]
[BlackElo "1792"]
[PlyCount "135"]
[EventDate "2016.04.07"]
[EventType "swiss"]
[EventRounds "9"]
[EventCountry "ESP"]
[SourceTitle "CBM 172 Extra"]
[Source "ChessBase"]
[SourceDate "2016.06.21"]
[SourceVersion "1"]
[SourceVersionDate "2016.06.21"]
[SourceQuality "1"]

1. e4 c5 2. Nf3 Nc6 3. Bb5 g6 4. c3 Bg7 5. 0-0 d5 6. exd5 Qxd5 7. Re1 Bg4 8. Be2 Nf6 9. h3 Bd7 10. d4 cxd4 11. cxd4 a6 12. Nc3 Qd6 13. d5 Nb4 14. a3 Nbxd5 15. Bc4 Be6 16. Qa4+ Bd7 17. Qb3 Bc6 18. Bg5 0-0-0 19. Bxf6 Bxf6 20. Ne4 Qf4 21. Rac1 Nc7 22. g3 Qf5 23. Bxf7 Qb5 24. Qxb5 axb5 25. Nxf6 exf6 26. Re3 Rhf8 27. Bb3 Kb8 28. Kf1 g5 29. Ke2 Rd7 30. Rd1 Rfd8 31. Rxd7 Rxd7 32. Nd2 Kc8 33. Be6 Nxe6 34. Rxe6 Rf7 35. Ne4 Bxe4 36. Rxe4 Kc7 37. Re6 h5 38. Ke3 h4 39. gxh4 gxh4 40. Kf4 Rd7 41. Rxf6 Rd2 42. Kg4 Rxb2 43. Kxh4 Rb3 44. Kg4 Rxa3 45. h4 b4 46. Rf4 Kc6 47. Rc4+ Kb5 48. Rc1 b3 49. h5 Kb4 50. h6 b2 51. Rb1 Kc3 52. h7 Ra8 53. Kg5 Kc2 54. Re1 b1Q 55. Rxb1 Kxb1 56. f4 b5 57. f5 b4 58. f6 b3 59. Kg6 b2 60. Kg7 Kc2 61. h8Q Rxh8 62. Kxh8 b1Q 63. f7 Qh1+ 64. Kg8 Qd5 65. Kg7 Qg5+ 66. Kh7 Qf6 67. Kg8 Qg6+ 68. Kh8 1/2-1/2

[Event "Barcelona Primavera La Lira op 9th"]
[Site "Barcelona"]
[Date "2016.05.19"]
[Round "7"]
[White "Martin Sanchez, Enric"]
[Black "Serrano Campos, Juan Antoni"]
[Result "1/2-1/2"]
[WhiteElo "2015"]
[BlackElo "1988"]
[PlyCount "54"]
[EventDate "2016.04.07"]
[EventType "swiss"]
[EventRounds "9"]
[EventCountry "ESP"]
[SourceTitle "CBM 172 Extra"]
[Source "ChessBase"]
[SourceDate "2016.06.21"]
[SourceVersion "1"]
[SourceVersionDate "2016.06.21"]
[SourceQuality "1"]

1. e4 Nf6 2. e5 Nd5 3. d4 d6 4. c4 Nb6 5. exd6 exd6 6. Nf3 Be7 7. Bd3 Bg4 8. Nc3 Nc6 9. Be3 Bf6 10. Be2 0-0 11. h3 Bxf3 12. gxf3 d5 13. c5 Nc4 14. b3 Nxe3 15. fxe3 Bh4+ 16. Kd2 Re8 17. Qg1 Bf6 18. Kc2 Qd7 19. Rd1 Qf5+ 20. Kb2 Rad8 21. f4 Qe6 22. e4 dxe4 23. Bc4 Qf5 24. d5 Nb4 25. Qg4 Qxg4 26. hxg4 Nxa2 27. Kxa2 Bxc3 1/2-1/2

[Event "Barcelona La Lira op 34th"]
[Site "Barcelona"]
[Date "2016.03.04"]
[Round "8"]
[White "Soler Lopez, Hugo"]
[Black "Martin Sanchez, Enric"]
[Result "1/2-1/2"]
[WhiteElo "1979"]
[BlackElo "2028"]
[PlyCount "106"]
[EventDate "2016.01.15"]
[EventType "swiss"]
[EventRounds "8"]
[EventCountry "ESP"]
[SourceTitle "EXT 2017"]
[Source "ChessBase"]
[SourceDate "2016.10.25"]
[SourceVersion "1"]
[SourceVersionDate "2016.10.25"]
[SourceQuality "1"]

1. e4 c5 2. c3 Nf6 3. e5 Nd5 4. d4 e6 5. c4 Nb6 6. d5 d6 7. exd6 exd5 8. cxd5 Bxd6 9. Bb5+ Bd7 10. Qe2+ Qe7 11. Nc3 a6 12. Bxd7+ N8xd7 13. Qxe7+ Kxe7 14. Bg5+ f6 15. Bh4 Rhe8 16. 0-0-0 Kf7 17. Bg3 Bxg3 18. hxg3 h6 19. Nge2 Rad8 20. Nf4 Nf8 21. Rd3 Nc4 22. Na4 Ne5 23. Rd2 Nfd7 24. Ne6 Rc8 25. f4 Nc4 26. Re2 b5 27. Nc3 Nd6 28. Ne4 Nxe4 29. Rxe4 f5 30. Re3 Nf6 31. Rd1 Ne4 32. Ra3 b4 33. Rxa6 Nxg3 34. Ra7+ Re7 35. Rxe7+ Kxe7 36. Nxg7 Kd6 37. Re1 Kxd5 38. Re3 Ne4 39. Nxf5 Rf8 40. Nxh6 Rxf4 41. Rf3 Rxf3 42. gxf3 Ng3 43. Kd2 c4 44. Ng4 Kd4 45. a4 bxa3 46. bxa3 Nf5 47. Kc2 Kc5 48. Kc3 Nd4 49. Ne5 Kd5 50. a4 Kxe5 51. Kxc4 Nxf3 52. Kc5 Nd4 53. a5 Nb3+ 1/2-1/2

[Event "Barcelona La Lira op 34th"]
[Site "Barcelona"]
[Date "2016.02.12"]
[Round "5"]
[White "Martin Sanchez, Enric"]
[Black "Pascual Gonzalez, Novelles Carle"]
[Result "1-0"]
[WhiteElo "2028"]
[BlackElo "1872"]
[PlyCount "161"]
[EventDate "2016.01.15"]
[EventType "swiss"]
[EventRounds "8"]
[EventCountry "ESP"]
[SourceTitle "EXT 2017"]
[Source "ChessBase"]
[SourceDate "2016.10.25"]
[SourceVersion "1"]
[SourceVersionDate "2016.10.25"]
[SourceQuality "1"]

1. e4 e6 2. d4 d5 3. Nc3 Bb4 4. e5 c5 5. a3 Bxc3+ 6. bxc3 Qc7 7. Nf3 Ne7 8. a4 cxd4 9. cxd4 Nf5 10. Be2 Nc6 11. 0-0 0-0 12. c3 Na5 13. g4 Ne7 14. Ba3 f5 15. gxf5 Rxf5 16. Bd3 Rh5 17. Bxe7 Qxe7 18. Kh1 Qf7 19. Rg1 Qf4 20. Rg3 Bd7 21. Qe2 Kh8 22. Rag1 Rg8 23. Ng5 Rh4 24. Bxh7 Rf8 25. Bg6 Qxf2 26. Rh3 Rxh3 27. Qxf2 Rxf2 28. Nxh3 Rf3 29. Ng5 Rf4 30. Rg3 Kg8 31. Kg2 Nc6 32. Nh7 Kh8 33. Bc2 Ne7 34. Rh3 Kg8 35. Rg3 Kh8 36. Ng5 Nf5 37. Bxf5 Rxf5 38. a5 Kg8 39. h4 Rf4 40. Kh3 Kf8 41. Rf3 Rxf3+ 42. Nxf3 Kf7 43. Ng5+ Kg6 44. Kg4 Bc8 45. h5+ Kh6 46. Nf7+ Kh7 47. Nd6 Bd7 48. Nxb7 g6 49. hxg6+ Kxg6 50. Nc5 Bb5 51. Kf4 Kf7 52. Kg5 Be2 53. Kh6 Bb5 54. Nb7 Bd7 55. Nd6+ Ke7 56. Kg7 a6 57. Nb7 Bb5 58. Nd6 Bc6 59. Nf7 Be8 60. Nh6 Bh5 61. Ng8+ Kd8 62. Kf6 Kd7 63. Ne7 Be2 64. Ng6 Bg4 65. Nf8+ Kc6 66. Nxe6 Kb5 67. Nc5 Kxa5 68. e6 Bh5 69. Ke5 Kb5 70. Kxd5 a5 71. e7 Bf7+ 72. Kd6 Kc4 73. Ne4 a4 74. Kd7 a3 75. Nd6+ Kxc3 76. Nxf7 a2 77. e8Q a1Q 78. Qc8+ Kd2 79. d5 Qf6 80. Ke8 Qg6 81. Qe6 1-0

[Event "Barcelona La Lira op 34th"]
[Site "Barcelona"]
[Date "2016.01.22"]
[Round "2"]
[White "Lozano Diaz, Antoni"]
[Black "Martin Sanchez, Enric"]
[Result "1-0"]
[WhiteElo "1836"]
[BlackElo "2028"]
[PlyCount "101"]
[EventDate "2016.01.15"]
[EventType "swiss"]
[EventRounds "8"]
[EventCountry "ESP"]
[SourceTitle "EXT 2017"]
[Source "ChessBase"]
[SourceDate "2016.10.25"]
[SourceVersion "1"]
[SourceVersionDate "2016.10.25"]
[SourceQuality "1"]

1. d4 Nf6 2. Nf3 d6 3. h3 Nbd7 4. Bf4 g6 5. e3 Bg7 6. Be2 c6 7. 0-0 Qb6 8. Nbd2 0-0 9. a4 Re8 10. Nc4 Qc7 11. a5 Ne4 12. c3 b5 13. axb6 Nxb6 14. Ncd2 Nxd2 15. Qxd2 e5 16. dxe5 dxe5 17. Bh2 Bf5 18. Nd4 Rad8 19. Qc1 Bc8 20. Bf3 Rd6 21. Nxc6 Rxc6 22. Bxc6 Qxc6 23. Rxa7 Bb7 24. f3 Bh6 25. Kh1 Nc4 26. Bg1 e4 27. f4 Qb6 28. Qa1 Rd8 29. Ra4 Qc6 30. Rd1 Rd3 31. Rb4 Bf8 32. Rb3 Qd5 33. Re1 Nd2 34. Rb6 Bc5 35. Rb5 Bc6 36. Rb8+ Kg7 37. b4 Qd6 38. Rc8 Nb3 39. Qb2 Qe6 40. Rxc6 Qxc6 41. Qxb3 Be7 42. Rc1 Bf6 43. b5 Qb6 44. Qb4 Qb7 45. c4 Qd7 46. b6 Qb7 47. c5 Be7 48. Qb5 Qd5 49. b7 Bd6 50. Qb2+ Kh6 51. cxd6 1-0

[Event "Barcelona Primavera La Lira op 8th"]
[Site "Barcelona"]
[Date "2015.04.30"]
[Round "4"]
[White "Martin Sanchez, Enric"]
[Black "Menarguez Martinez, Jose"]
[Result "1-0"]
[WhiteElo "2028"]
[BlackElo "1947"]
[PlyCount "57"]
[EventDate "2015.04.09"]
[EventType "swiss"]
[EventRounds "9"]
[EventCountry "ESP"]
[SourceTitle "CBM 166 Extra"]
[Source "ChessBase"]
[SourceDate "2015.06.18"]
[SourceVersion "1"]
[SourceVersionDate "2015.06.18"]
[SourceQuality "1"]

1. e4 c5 2. Nf3 Nc6 3. d4 cxd4 4. Nxd4 Nxd4 5. Qxd4 a6 6. Nc3 e6 7. Bf4 Ne7 8. Rd1 Nc6 9. Qd2 Qb6 10. Bc4 Qxb2 11. Rb1 Qa3 12. 0-0 Bb4 13. Rb3 Qa5 14. Bd6 Bxc3 15. Rxc3 h6 16. f4 Qb6+ 17. Kh1 Qd4 18. Rd1 Qxe4 19. Bd3 Qd5 20. Ba3 b5 21. Qe1 Qxa2 22. Ra1 Qd5 23. Be4 Qh5 24. Rxc6 Bb7 25. Rxe6+ fxe6 26. Bxb7 Rb8 27. Bf3 Qf7 28. Qe5 Rd8 29. Bh5 1-0

[Event "Barcelona La Lira op-A 14th"]
[Site "Barcelona"]
[Date "2011.07.31"]
[Round "9"]
[White "Colom Andres, Xavier"]
[Black "Martin Sanchez, Enric"]
[Result "0-1"]
[WhiteElo "1966"]
[BlackElo "2047"]
[PlyCount "30"]
[EventDate "2011.07.23"]
[EventType "swiss"]
[EventRounds "9"]
[EventCountry "ESP"]
[SourceTitle "EXT 2024"]
[Source "ChessBase"]
[SourceDate "2023.10.10"]
[SourceVersion "1"]
[SourceVersionDate "2023.10.10"]
[SourceQuality "1"]

1. d4 Nf6 2. c4 e6 3. g3 c5 4. d5 b5 5. b3 exd5 6. cxd5 Be7 7. Qc2 0-0 8. e4 Ng4 9. Nd2 Bf6 10. Bb2 Bxb2 11. Qxb2 Ne5 12. Qc2 Na6 13. a3 c4 14. Ne2 Nd3+ 15. Kd1 Qf6 0-1

[Event "Barcelona La Lira op-A 14th"]
[Site "Barcelona"]
[Date "2011.07.30"]
[Round "8"]
[White "Martin Sanchez, Enric"]
[Black "Barba Rios, Enric"]
[Result "1-0"]
[WhiteElo "2047"]
[BlackElo "1871"]
[PlyCount "95"]
[EventDate "2011.07.23"]
[EventType "swiss"]
[EventRounds "9"]
[EventCountry "ESP"]
[SourceTitle "EXT 2024"]
[Source "ChessBase"]
[SourceDate "2023.10.10"]
[SourceVersion "1"]
[SourceVersionDate "2023.10.10"]
[SourceQuality "1"]

1. e4 c5 2. Nf3 Nc6 3. Bb5 e6 4. 0-0 Nge7 5. c3 a6 6. Be2 d5 7. exd5 exd5 8. d4 cxd4 9. cxd4 Ng6 10. Nc3 Bb4 11. Qb3 Be6 12. Ng5 0-0 13. Be3 Rc8 14. a3 Bxc3 15. bxc3 b5 16. a4 Na5 17. Qb4 Nc4 18. Nxe6 fxe6 19. axb5 axb5 20. Ra7 Nxe3 21. fxe3 Qg5 22. Qxb5 Qxe3+ 23. Kh1 Rxf1+ 24. Bxf1 Qe1 25. Ra2 Rf8 26. Kg1 Qxc3 27. Qd3 Qe1 28. g3 h5 29. Qe2 Qb1 30. Rd2 Qf5 31. Bg2 h4 32. Rd1 Qf6 33. Bh3 Re8 34. Qe3 e5 35. Rf1 Qe7 36. Bf5 Nf8 37. Re1 hxg3 38. hxg3 e4 39. Qb3 Qf7 40. Rf1 e3 41. Bh7+ Nxh7 42. Rxf7 e2 43. Rf1 exf1Q+ 44. Kxf1 Nf6 45. g4 Nxg4 46. Qxd5+ Kf8 47. Qc5+ Kf7 48. Qh5+ 1-0

[Event "Barcelona La Lira op 29th"]
[Site "Barcelona"]
[Date "2011.02.18"]
[Round "6"]
[White "Miguel Bort, Francesco"]
[Black "Martin Sanchez, Enric"]
[Result "0-1"]
[WhiteElo "1927"]
[BlackElo "2047"]
[PlyCount "66"]
[EventDate "2011.01.14"]
[EventType "swiss"]
[EventRounds "7"]
[EventCountry "ESP"]
[SourceTitle "EXT 2012"]
[Source "ChessBase"]
[SourceDate "2011.11.24"]
[SourceVersion "1"]
[SourceVersionDate "2011.11.24"]
[SourceQuality "1"]

1. d4 Nf6 2. e3 b6 3. f4 Bb7 4. Nf3 Ne4 5. Bd3 e6 6. 0-0 h6 7. Nbd2 Nxd2 8. Bxd2 d6 9. e4 Nd7 10. c3 Be7 11. Rc1 0-0 12. Qe2 a5 13. e5 a4 14. Be4 Ba6 15. Bd3 Bxd3 16. Qxd3 dxe5 17. Nxe5 Nxe5 18. fxe5 c5 19. Qg3 Kh8 20. Be3 cxd4 21. cxd4 b5 22. Rf2 Bh4 23. Qh3 Bxf2+ 24. Bxf2 Rc8 25. Rf1 Qg5 26. Be3 Qg6 27. Qf3 Rc2 28. Rf2 Rxf2 29. Qxf2 Qb1+ 30. Qf1 Qxf1+ 31. Kxf1 Rc8 32. Bd2 Rc2 33. Bc3 a3 0-1

[Event "Barcelona La Lira op 29th"]
[Site "Barcelona"]
[Date "2011.02.04"]
[Round "4"]
[White "Povill Batlle, Ramon"]
[Black "Martin Sanchez, Enric"]
[Result "1/2-1/2"]
[WhiteElo "1834"]
[BlackElo "2047"]
[PlyCount "88"]
[EventDate "2011.01.14"]
[EventType "swiss"]
[EventRounds "7"]
[EventCountry "ESP"]
[SourceTitle "EXT 2012"]
[Source "ChessBase"]
[SourceDate "2011.11.24"]
[SourceVersion "1"]
[SourceVersionDate "2011.11.24"]
[SourceQuality "1"]

1. e4 c5 2. Nf3 d6 3. d4 cxd4 4. Nxd4 Nf6 5. Nc3 e6 6. Be3 Be7 7. Bb5+ Bd7 8. Bxd7+ Qxd7 9. 0-0 Nc6 10. f3 h5 11. Nce2 h4 12. Nxc6 bxc6 13. c4 Qb7 14. Qd2 d5 15. exd5 cxd5 16. c5 a5 17. a3 a4 18. Rfc1 Rc8 19. Qa5 Qxb2 20. Qxa4+ Kf8 21. Qc2 Qe5 22. Bf4 Qh5 23. c6 e5 24. Bd2 g6 25. Bb4 h3 26. Bxe7+ Kxe7 27. Qc5+ Ke8 28. Nf4 Qg5 29. g3 Qf5 30. Nxd5 Nxd5 31. Qxd5 Kf8 32. Re1 Qc2 33. Ra2 Qxc6 34. Qxc6 Rxc6 35. Rxe5 Rc1+ 36. Kf2 Rh1 37. Ke3 Kg7 38. g4 Rb8 39. Kf4 Rg1 40. Re4 Rb3 41. Re3 g5+ 42. Ke4 Rg2 43. Ree2 Rxe2+ 44. Rxe2 Rxa3 1/2-1/2

[Event "Barbera del Valles op 33th"]
[Site "Barbera del Valles"]
[Date "2010.07.12"]
[Round "9"]
[White "Martin Sanchez, Enric"]
[Black "Jareno Badenas, Aleix"]
[Result "1/2-1/2"]
[WhiteElo "2021"]
[BlackElo "1974"]
[PlyCount "100"]
[EventDate "2010.07.04"]
[EventType "swiss"]
[EventRounds "9"]
[EventCountry "ESP"]
[SourceTitle "CBM 137 Extra"]
[Source "ChessBase"]
[SourceDate "2010.09.01"]
[SourceVersion "1"]
[SourceVersionDate "2010.09.01"]
[SourceQuality "1"]

1. e4 c5 2. Nf3 Nf6 3. Nc3 d5 4. exd5 Nxd5 5. Bb5+ Bd7 6. Bxd7+ Qxd7 7. 0-0 Nc6 8. d3 0-0-0 9. Re1 f6 10. Qe2 e5 11. Nxd5 Qxd5 12. a3 Be7 13. Bd2 Nd4 14. Nxd4 cxd4 15. Qe4 Qxe4 16. Rxe4 Rd7 17. f4 Rc7 18. Rc1 Bd6 19. fxe5 Bxe5 20. g3 Rd8 21. Kg2 Rd5 22. Bf4 Rdc5 23. Re2 Kd7 24. Bxe5 fxe5 25. Kf3 Ke6 26. Ke4 R5c6 27. Rf2 Rc5 28. h4 Rb5 29. c4 dxc3 30. bxc3 Rb3 31. Rf5 Rcxc3 32. Rxe5+ Kd6 33. Rxc3 Rxc3 34. Rg5 Rc7 35. h5 Re7+ 36. Kd4 h6 37. Rg6+ Kd7 38. Kd5 Rf7 39. g4 Ke8 40. Re6+ Kd7 41. a4 Rf4 42. Rg6 Rf7 43. a5 Ke8 44. d4 Rd7+ 45. Kc5 Rc7+ 46. Kb5 Rd7 47. a6 bxa6+ 48. Kc6 Rxd4 49. Rxg7 Kf8 50. Rg6 Kf7 1/2-1/2

[Event "Barbera del Valles op 33th"]
[Site "Barbera del Valles"]
[Date "2010.07.10"]
[Round "7"]
[White "Martin Sanchez, Enric"]
[Black "Perpinya Rofes, Lluis Maria"]
[Result "0-1"]
[WhiteElo "2044"]
[BlackElo "2344"]
[PlyCount "54"]
[EventDate "2010.07.04"]
[EventType "swiss"]
[EventRounds "9"]
[EventCountry "ESP"]
[SourceTitle "CBM 137 Extra"]
[Source "ChessBase"]
[SourceDate "2010.09.01"]
[SourceVersion "1"]
[SourceVersionDate "2010.09.01"]
[SourceQuality "1"]

1. e4 c5 2. Nf3 Nc6 3. Bb5 e6 4. 0-0 Nge7 5. c3 a6 6. Bxc6 Nxc6 7. d4 d5 8. exd5 Qxd5 9. c4 Qxc4 10. b3 Qb4 11. a3 Qb6 12. d5 exd5 13. Qxd5 Be7 14. Re1 0-0 15. Bb2 Be6 16. Rxe6 fxe6 17. Qxe6+ Kh8 18. Nbd2 Bf6 19. Bxf6 Rxf6 20. Qe4 h6 21. Re1 Qc7 22. Nc4 Qf4 23. Qc2 Nd4 24. Nxd4 cxd4 25. Ne5 d3 26. Nxd3 Qf5 27. Nb4 Qxc2 0-1

[Event "Barbera del Valles op 33th"]
[Site "Barbera del Valles"]
[Date "2010.07.08"]
[Round "5"]
[White "Martin Sanchez, Enric"]
[Black "Nunez Lucero, Francisco Alex"]
[Result "1-0"]
[WhiteElo "2044"]
[BlackElo "2178"]
[PlyCount "85"]
[EventDate "2010.07.04"]
[EventType "swiss"]
[EventRounds "9"]
[EventCountry "ESP"]
[SourceTitle "CBM 137 Extra"]
[Source "ChessBase"]
[SourceDate "2010.09.01"]
[SourceVersion "1"]
[SourceVersionDate "2010.09.01"]
[SourceQuality "1"]

1. e4 e6 2. d4 d5 3. exd5 exd5 4. Nf3 Bd6 5. Bd3 Ne7 6. 0-0 Bg4 7. Re1 Nbc6 8. c3 Qd7 9. b4 a6 10. Nbd2 0-0 11. Qc2 Bf5 12. Nf1 Bxd3 13. Qxd3 Qf5 14. Qxf5 Nxf5 15. g4 Nfe7 16. Ne3 f6 17. Bd2 Na7 18. a4 c6 19. c4 Rfe8 20. c5 Bf4 21. Nf5 Bxd2 22. Nxe7+ Kf7 23. Nxd2 Rxe7 24. Rxe7+ Kxe7 25. Nb3 Rb8 26. Re1+ Kf7 27. Nc1 b6 28. cxb6 Rxb6 29. Nd3 Nc8 30. Rc1 Nd6 31. a5 Rb7 32. Rxc6 Nb5 33. Rxa6 Nxd4 34. Rb6 Ra7 35. a6 Ke8 36. Nc5 Kd8 37. Rd6+ Kc7 38. Rxd5 Nc6 39. b5 Ne5 40. Na4 Nd7 41. Rxd7+ Kxd7 42. b6 Rxa6 43. Nc5+ 1-0

[Event "Barbera del Valles op 33th"]
[Site "Barbera del Valles"]
[Date "2010.07.04"]
[Round "1"]
[White "Fenollar Jorda, Manuel"]
[Black "Martin Sanchez, Enric"]
[Result "1-0"]
[WhiteElo "2369"]
[BlackElo "2044"]
[PlyCount "57"]
[EventDate "2010.07.04"]
[EventType "swiss"]
[EventRounds "9"]
[EventCountry "ESP"]
[SourceTitle "CBM 137 Extra"]
[Source "ChessBase"]
[SourceDate "2010.09.01"]
[SourceVersion "1"]
[SourceVersionDate "2010.09.01"]
[SourceQuality "1"]

1. d4 Nf6 2. Nf3 c5 3. c3 e6 4. e3 Nc6 5. Bd3 d5 6. Nbd2 e5 7. Nxe5 Nxe5 8. dxe5 Ng4 9. Bb5+ Bd7 10. Bxd7+ Qxd7 11. Nf3 0-0-0 12. h3 Nh6 13. Qe2 g6 14. 0-0 Bg7 15. e4 dxe4 16. Qxe4 Rhe8 17. Qc4 Qd5 18. Qa4 Re6 19. Bxh6 Bxh6 20. Rfd1 Ra6 21. Qg4+ Qe6 22. Qh4 Rxd1+ 23. Rxd1 g5 24. Nxg5 Qe7 25. Qg4+ Kc7 26. Ne4 Rxa2 27. Nxc5 Qxc5 28. Qd7+ Kb8 29. Qe8+ 1-0

[Event "Barcelona La Lira op 27th"]
[Site "Barcelona"]
[Date "2009.02.13"]
[Round "5"]
[White "Martin Sanchez, Enric"]
[Black "De la Fuente Clemente, Constantin"]
[Result "1/2-1/2"]
[WhiteElo "2036"]
[BlackElo "1937"]
[PlyCount "149"]
[EventDate "2009.01.16"]
[EventType "swiss"]
[EventRounds "8"]
[EventCountry "ESP"]
[SourceTitle "EXT 2011"]
[Source "ChessBase"]
[SourceDate "2010.11.26"]
[SourceVersion "1"]
[SourceVersionDate "2010.11.26"]
[SourceQuality "1"]

1. e4 e5 2. Nf3 Nf6 3. Nc3 Nc6 4. d4 Bb4 5. dxe5 Nxe4 6. Bd2 Nxd2 7. Qxd2 Qe7 8. 0-0-0 0-0 9. Bd3 Nxe5 10. Rhe1 Nxd3+ 11. cxd3 Qf6 12. Re4 a5 13. Kc2 b6 14. Ne5 Bxc3 15. bxc3 d6 16. Nc6 Be6 17. c4 b5 18. cxb5 Bxa2 19. Qf4 Qxf4 20. Rxf4 Rfe8 21. Re4 a4 22. Rde1 Be6 23. Kb2 Kf8 24. Ka3 Bd7 25. Rxe8+ Bxe8 26. d4 Bxc6 27. bxc6 Ra6 28. d5 Ra5 29. Rd1 Ke7 30. Kb4 Ra8 31. Ra1 Kf6 32. Ra3 Ke5 33. Kc4 f5 34. Re3+ Kf6 35. f4 a3 36. Re1 Ra4+ 37. Kb3 Rxf4 38. Re8 Rd4 39. Rc8 Rxd5 40. Kxa3 Rc5 41. Rxc7 h5 42. Rc8 Ke7 43. c7 Kd7 44. Rg8 Kxc7 45. Rxg7+ Kc6 46. Kb4 f4 47. Rf7 Rg5 48. Rxf4 Rxg2 49. h3 Kd5 50. Rf5+ Ke4 51. Rxh5 d5 52. Kc5 Rc2+ 53. Kd6 d4 54. Re5+ Kf4 55. Rd5 Rd2 56. h4 d3 57. h5 Ke3 58. Ke6 Rh2 59. Kf6 d2 60. Kg6 Ke2 61. h6 Rg2+ 62. Kf7 Rh2 63. Kg7 Rg2+ 64. Kf7 d1Q 65. Rxd1 Kxd1 66. h7 Rh2 67. Kg7 Rg2+ 68. Kh8 Rh2 69. Kg7 Rg2+ 70. Kh8 Ra2 71. Kg7 Rg2+ 72. Kh8 Rb2 73. Kg7 Rb7+ 74. Kg8 Rb8+ 75. Kg7 1/2-1/2